<?xml version='1.0' encoding='UTF-8'?>
  <record xmlns="http://www.loc.gov/MARC21/slim">
    <leader>00000ctm a22000007a 4500</leader>
    <controlfield tag="001">ocn965407536</controlfield>
    <controlfield tag="003">OCoLC</controlfield>
    <controlfield tag="005">20241228010904.3</controlfield>
    <controlfield tag="008">140923q14701480nl            000 0 lat d</controlfield>
    <datafield tag="040" ind1=" " ind2=" ">
      <subfield code="a">QGJ</subfield>
      <subfield code="b">dut</subfield>
      <subfield code="c">QGJ</subfield>
    </datafield>
    <datafield tag="035" ind1=" " ind2=" ">
      <subfield code="a">(OCoLC)965407536</subfield>
    </datafield>
    <datafield tag="245" ind1="0" ind2="0">
      <subfield code="a">Missale.</subfield>
      <subfield code="f">UBU Hs. 403.</subfield>
    </datafield>
    <datafield tag="260" ind1=" " ind2=" ">
      <subfield code="a">[Delft?],</subfield>
      <subfield code="c">[ca. 1470-1480].</subfield>
    </datafield>
    <datafield tag="300" ind1=" " ind2=" ">
      <subfield code="a">366 fol. :</subfield>
      <subfield code="b">ill. ;</subfield>
      <subfield code="c">520 x 380 (346 x 220/235) mm.</subfield>
    </datafield>
    <datafield tag="336" ind1=" " ind2=" ">
      <subfield code="a">text</subfield>
      <subfield code="b">txt</subfield>
      <subfield code="2">rdacontent</subfield>
    </datafield>
    <datafield tag="337" ind1=" " ind2=" ">
      <subfield code="a">unmediated</subfield>
      <subfield code="b">n</subfield>
      <subfield code="2">rdamedia</subfield>
    </datafield>
    <datafield tag="338" ind1=" " ind2=" ">
      <subfield code="a">volume</subfield>
      <subfield code="b">nc</subfield>
      <subfield code="2">rdacarrier</subfield>
    </datafield>
    <datafield tag="340" ind1=" " ind2=" ">
      <subfield code="a">Perkament</subfield>
      <subfield code="k">2 kolommen, littera textualis.</subfield>
    </datafield>
    <datafield tag="500" ind1=" " ind2=" ">
      <subfield code="a">Gedecoreerd door de Meesters van het Breviarium van Beatrijs van Assendelft en de Meester van Yolande de Lalaing.</subfield>
    </datafield>
    <datafield tag="500" ind1=" " ind2=" ">
      <subfield code="a">Illustrations: Gedecoreerde initialen met randdecoratie en penwerk in Zuid-Hollandse stijl.</subfield>
    </datafield>
    <datafield tag="500" ind1=" " ind2=" ">
      <subfield code="a">Een aantal bladen en decoraties is uitgesneden: laatste blad van de kalender; blad 1-2 van het hoofdwerk (oude foliëring: I-II); onderste strook van fol. 16 (fol. XII); fol. 204, 212, 252, 327.</subfield>
    </datafield>
    <datafield tag="500" ind1=" " ind2=" ">
      <subfield code="a">In de loop der tijden hebben veel toeristen bij bezoek aan de kerk waar het lag hun naam in het handschrift gezet, vaak met datum; m.n. begin 18de eeuw.</subfield>
    </datafield>
    <datafield tag="524" ind1=" " ind2=" ">
      <subfield code="a">Te citeren als: Universiteitsbibliotheek Utrecht Hs. 403.</subfield>
    </datafield>
    <datafield tag="561" ind1=" " ind2=" ">
      <subfield code="a">In bezit geweest van het Kapittel van Ste Marie te Utrecht, mogelijk al vanaf 1476.</subfield>
    </datafield>
    <datafield tag="581" ind1=" " ind2=" ">
      <subfield code="a">P.A. Tiele, Catalogus codicum manu scriptorum Bibliothecae Universitatis Rheno-Trajectinae. I. Trajecti ad Rhenum. Hagae Comitis 1887. P. 138.</subfield>
    </datafield>
    <datafield tag="581" ind1=" " ind2=" ">
      <subfield code="a">A. Hulshof, Catalogus codicum manu scriptorum Bibliothecae Universitatis Rheno-Traiectinae. II. Traiecti ad Rhenum 1909. P. 63.</subfield>
    </datafield>
    <datafield tag="581" ind1=" " ind2=" ">
      <subfield code="a">A.W. Byvanck &amp; G.J. Hoogewerff, Noord-Nederlandsche miniaturen in handschriften der 14e, 15e en 16e eeuwen. Den Haag 1922-1925. p. 41 nr. 99, pl. 215.</subfield>
    </datafield>
    <datafield tag="581" ind1=" " ind2=" ">
      <subfield code="a">A.W. Byvanck, La miniature dans les Pays-Bas septentrionaux. Paris 1937. P. 97.</subfield>
    </datafield>
    <datafield tag="581" ind1=" " ind2=" ">
      <subfield code="a">M.M. van Petersen-Van Delft, Tropen in Utrechtse manuscripten. Doctoraalscriptie, Univ. Utrecht, ca. 1960. P. 48-54.</subfield>
    </datafield>
    <datafield tag="581" ind1=" " ind2=" ">
      <subfield code="a">The Utrecht Prosarium. Liber sequentiarum ecclesiae capitularis Sanctae Mariae Ultraiectensis saeculi XIII. Codex Ultraiectensis, Universitatis Bibliotheca 417. Edidit N. de Goede. Amsterdam 1965. (= Monumenta musica Neerlandica 6). P. CXXXIV.</subfield>
    </datafield>
    <datafield tag="581" ind1=" " ind2=" ">
      <subfield code="a">R.J. de Neeve, Historia de transfiguracione Ihesu Christi. Critische uitgave volgens Ms. Utr. UB 406. Utrecht 1971 (gestencild). (= Scripta musicologica Ultrajectina. Werkstukken van Utrechtse musicologen 3). P. II.</subfield>
    </datafield>
    <datafield tag="581" ind1=" " ind2=" ">
      <subfield code="a">O. Pächt &amp; U. Jenni, Holländische Schule. 2 vols. Wien 1975. (= Veröffentlichungen der Kommission für Schrift- und Buchwesen des Mittelalters, Reihe 1, 3; Denkschriften Oesterr. Akad. der Wissenschaften, Philos.-hist. Klasse 124). P. 38.</subfield>
    </datafield>
    <datafield tag="581" ind1=" " ind2=" ">
      <subfield code="a">A.S. Korteweg, 'De penwerkverluchting in het getijdenboek van de Haagse non Maritge Claesdochter', in: Miscellanea Neerlandica. Opstellen voor Dr. Jan Deschamps ter gelegenheid van zijn zeventigste verjaardag, I. Onder red. van E. Cockx-Indestege &amp; F. Hendrickx. Leuven 1987. P. 512-513.</subfield>
    </datafield>
    <datafield tag="581" ind1=" " ind2=" ">
      <subfield code="a">K. van der Horst, Illuminated and decorated medieval manuscripts in the University Library, Utrecht. An illustrated catalogue. Maarssen / 's-Gravenhage 1989. P. 28 nr. 100, afb. 463-468.</subfield>
    </datafield>
    <datafield tag="581" ind1=" " ind2=" ">
      <subfield code="a">K. Vellekoop (Ed.), Liber ordinarius Sancte Marie Traiectensis. The Ordinal of St Mary's Church, Utrecht (Ms. London, British Library, Add. 9769). Ed. by K. Vellekoop. Delft 1996. (= Documenta et archivalia ad historiam musicae Neerlandicae 6). P. 17-18.</subfield>
    </datafield>
    <datafield tag="581" ind1=" " ind2=" ">
      <subfield code="a">I. de Loos, 'Plange quasi virgo. An Archaeological study of the Utrecht responsory tradition', in: The Di Martinelli Music Collection. Musical Life in Collegiate Churches in the Low Countries and Europe. Chant and Polyphony. Colloquium Proceedings 1997-1998. Eds. B. Bouckaert &amp; E. Schreurs. Leuven 2000, p. 169-191. (= Yearbook of the Alamire Foundation 4). P. 174, 186.</subfield>
    </datafield>
    <datafield tag="581" ind1=" " ind2=" ">
      <subfield code="a">G. Gerritsen-Geywitz, 'Die Chorbücher des Utrechter Marienkapitels aus kodikologischer sicht', in: Tijdschrift van de Koninklijke Vereniging voor Nederlandse Muziekgeschiedenis 53 (2003) 1-2, p. 277- 312. P. 277, passim, afb. op p. 286.</subfield>
    </datafield>
    <datafield tag="581" ind1=" " ind2=" ">
      <subfield code="a">E. den Hartog, 'Het getjidenboek van Yolande van Lalaing, een boek voor status en representatie', in: Yolande van Lalaing (1422-1497), kasteelvrouwe van Brederode. Red.: E. den Hartog en H. Wijsman. Haarlem 2009, p. 99-168. (= Jaarboek van de Kastelenstichting Holland en Zeeland 2009. P. 1164 nt. 5.</subfield>
    </datafield>
    <datafield tag="581" ind1=" " ind2=" ">
      <subfield code="a">L. van Beek, Leken trekken tot Gods Woord. Dirc van Herxen (1381-1457) en zijn eerste collatieboek. Dissertatie Leiden. Hilversum 2009. (= Middeleeuwse studies en bronnen 120). P. 51.</subfield>
    </datafield>
    <datafield tag="655" ind1=" " ind2="7">
      <subfield code="a">Handschriften (vorm)</subfield>
      <subfield code="0">088143309</subfield>
      <subfield code="2">gtt</subfield>
    </datafield>
    <datafield tag="710" ind1="2" ind2=" ">
      <subfield code="a">Kapittel van Ste Marie (Utrecht)</subfield>
      <subfield code="e">former owner.</subfield>
      <subfield code="4">fmo</subfield>
      <subfield code="5">NL-UtRU</subfield>
    </datafield>
    <datafield tag="856" ind1="4" ind2="1">
      <subfield code="u">http://objects.library.uu.nl/reader/resolver.php?obj=002619382&amp;type=2</subfield>
      <subfield code="x">Online</subfield>
      <subfield code="z">Full Text</subfield>
    </datafield>
    <datafield tag="936" ind1=" " ind2=" ">
      <subfield code="a">BATCHLOAD</subfield>
    </datafield>
  </record>